Piłkarze Motoru Lublin - nagła śmierć - Statystyki

Ogólne statystyki
  • Ten quiz został rozwiązany 71 razy
    40 od ostatniego zresetowania
  • Średni wynik to 8 z 20
Answers on the Grid
Answers color-coded by a green-red scale on the quiz's grid according to % correct below.
Mateusz Stolarski
Wojciech Golla
Rafał Strączek
Dawid Błanik
Jean-Kévin Augustin
Tymoteusz Puchacz
Konrad Gruszkowski
Kazimierz Węgrzyn
Marek Bartoš
Piotr Polczak
Adam Ryczkowski
Kamil Wojtkowski
Goncalo Feio
Damian Kądzior
Dominik Furman
Jakub Łabojko
Arkadiusz Piech
Damian Gąska
Łukasz Budziłek
Petteri Forsell
Jakub Lis
Kamil Zapolnik
Hubert Adamczyk
Arkadiusz Najemski
Dominik Kun
Dawid Pakulski
Florian Loshaj
Sebastian Rudol
Jakub Sypek
Sebastian Madejski
Rafał Janicki
Tomasz Swędrowski
Zbigniew Jakubas
Patryk Szysz
Waldemar Sobota
Piotr Ceglarz
Łukasz Zjawiński
Cezary Polak
Benjamin Verbic
Konrad Wrzesiński
 
Statystyki odpowiedzi
Odpowiedź % Poprawnych
Piotr Ceglarz
83%
Jean-Kévin Augustin
72%
Marek Bartoš
72%
Arkadiusz Najemski
61%
Jakub Łabojko
61%
Sebastian Rudol
61%
Łukasz Budziłek
56%
Sebastian Madejski
50%
Jakub Lis
44%
Kamil Wojtkowski
44%
Damian Kądzior
28%
Patryk Szysz
22%
Rafał Strączek
22%
Tomasz Swędrowski
22%
Adam Ryczkowski
17%
Dawid Pakulski
17%
Cezary Polak
11%
Konrad Gruszkowski
11%
Kazimierz Węgrzyn
6%
Konrad Wrzesiński
6%
Nie znaleziono quizów pasujących do podanych kryteriów
Rozkład punktacji
Procent ludzi z każdym wynikiem
Percentyl według liczby udzielonych odpowiedzi
Twoja historia wyników
Nie rozwiązałeś tego quizu od ostatniego zresetowania